00338 a2200133 450000500170000002000180001708200120003510000200004724500360006725000120010326000450011530000270016070000170018720250628080102.0 a0-273-65161-7 a657 GLA aGLAUTIER, W.E.M aAccounting: Theory and Practice a7th Ed. aLondonbPearson Education Limitedc2001. axii,716p.bIndexc24cm aB. Underdown